000 00737nam a22002177a 4500
001 2793
005 20240115142126.0
020 _a9781405072656
040 _aFISKH
_beng
_cFISKH
_dFISKH
050 _aS847
082 _a428.64
100 _aStevenson, Robert Louis
245 _aDr Jekyll and Mr Hyde /
_cRobert Louis Stevenson
250 _aThis edition first published 2005
260 _aOxford :
_bMacmillan,
_c1995
505 _aJ
520 _aThis series provides a wide variety of reading material for all learners of English. The books are retold versions of popular classics and contemporary titles as well as specially written stories.
521 _a500
_bLexile estimate
521 _aJ
_bRaz-Plus
942 _2ddc
_cBK
_n0
999 _c2793
_d2793